000 00420nam a22001697a 4500
003 SGT
020 _a9789383864171
082 _a615.53
_bE16C
100 _aCCRAS, MINISTRY OF AYUSH
245 _aEVIDENCE BASED SAFETY OF AYURVEDIC MEDICINE
250 _a1ST
260 _aNEW DELHI
_bCCRAS
_c2016
300 _a271
650 _aAYURVEDA
653 _aEVIDENCE, BASED, SAFETY, AYURVEDIC, MEDICINE
942 _2ddc
_cBK
999 _c34697
_d34697